000 00661nam a2200229 a 4500
999 _c3815
_d3815
001 3815
003 BD-JhCC
005 20171118193641.0
008 171118s2012 bg |||| ||a| 000 0 ben d
020 _a9789843338853
035 _a(BD-JhCC)3815
040 _aBD-JhCC
_dBD-JhCC
041 _aben
082 _a891.4409
_bANS 2012
100 _aআনিসুজ্জামান
245 _aরবীন্দ্রনাথ, এই সময়ে /
_cআনিসুজ্জামান
260 _aঢাকা :
_bপ্রথমা,
_c2012.
300 _a271 p. :
_c21 cm.
650 _aBengali Literature
942 _2ddc
_cBK